Normal view
MARC view
- Sneha M
Entry Personal Name
001 - CONTROL NUMBER
- control field: 4958
003 - CONTROL NUMBER IDENTIFIER
- control field: OSt
005 - DATE AND TIME OF LATEST TRANSACTION
- control field: 20210906140414.0
008 - FIXED-LENGTH DATA ELEMENTS
- fixed length control field: 210906|| aca||aabn | a|a d
040 ## - CATALOGING SOURCE
- Original cataloging agency: OSt
- Transcribing agency: OSt
100 ## - HEADING--PERSONAL NAME
- Personal name: Sneha M
670 ## - SOURCE DATA FOUND
- Source citation: Work cat.: (OSt): Anna Siya P M 4957, Standardization of irrigation and fertigation requirement for Amaranth Under polyhouse, 2021
